000 00543nam a2200193Ia 4500
003 GCL
008 140319s9999 xx 000 0 ara d
040 _aGCL /
_cGCL
082 0 4 _a953.082
_bج ت
100 1 _aعلى ابراهيم حسن
245 1 0 _aتاريخ المماليك البحرية /
_cعلى ابراهيم حسن
260 _a[S.N] :
_bمكتبة النهضة ،
_c1967
300 _a524
490 _a
650 0 4 _aمصر
650 0 4 _aالتاريخ
650 0 4 _aالمماليك البحرية
942 _2ddc
_cBK
999 _c59032
_d59032